000 01352nam a2200349 i 4500
003 EG-ScBUE
005 20241117101626.0
008 150705t2012 nyua f b 001 0 eng d
020 _a9781259008016
020 _a1259008010
040 _aEG-ScBUE
_beng
_erda
_cEG-ScBUE
_dEG-ScBUE
082 0 4 _222
_a519.5
_bESS
245 0 0 _aEssentials of business statistics /
_cBruce L. Bowerman, Miami University, [and three others] ; contributions Steven C. Huchendorf, University of Minnesota, Dawn C. Porter, University of Southern California, Partrick J. Schur, Miami University.
250 _aFourth edition.
250 _aInternational edition.
264 1 _aNew York :
_bMcGraw-Hill / Irwin,
_c[2012]
264 4 _cc2012
300 _axxii, 665 pages :
_bcolor illustrations ;
_c29 cm
336 _2rdacontent
_atext
_btxt
337 _2rdamedia
_aunmediated
_bn
338 _2rdacarrier
_avolume
_bnc
504 _aIncludes bibliographical references and index.
650 7 _aCommercial statistics.
_2BUEsh
_9802
651 _2BUEsh
653 _bBUSADM
_cJuly2015
_cDecember2015
_cJanuary2016
655 _vReading book
700 1 _aBowerman, Bruce L.,
_eauthor.
700 1 _aHuchendorf, Steven C.,
_econtributor.
700 1 _aPorter, Dawn C.,
_econtributor.
_927396
700 1 _aSchur, Patrick J.,
_econtributor.
942 _2ddc
_cBB
999 _c20193
_d20165